Les Simpson - Titre des épisodes (saison 29) - Statistiques

Statistiques générales
  • Ce quiz a été pris 5 fois
  • Le résultat moyen est 15 sur 21
Statistiques - réponses
Question Réponse % Correct
La Peur du ... clown
100%
Ha-Ha ... Land
100%
L'Opus de ... Lisa
100%
... Punaise !
100%
Pardon et ... Regret
100%
Simpson Horror ... Show XXVIII
100%
Porté ... disparu
80%
Une bonne lecture ne reste pas ... impunie
80%
Homer est là ... où n'est pas l'art
80%
Bébé ... siffleur
80%
Sans ... titre
80%
Lisa a le ... blues
60%
À la santé des ... Danois
60%
L'Échelle de ... Flanders
60%
Un gaucher ... gauche
60%
Les ... Serfson
60%
Professeur ... testeur
60%
Grand-père, ... tu m'entends ?
60%
La Maire ... est bleue
40%
Chantons sur ... la piste
40%
Springfield ... Splendor
40%
Aucun quiz correspondant
Distribution des résultats
% des personnes avec chaque résultat
Percentile par nombre de réponses
Votre historique - résultats
Vous n’avez pas pris ce quiz